000 00729nam a2200229 a 4500
003 BD-JhCC
005 20240624082034.0
008 210310b20152023b a|||| ||a| 000 0 b d
035 _a(BD-JhCC)
040 _aBD-JhCC
_dBD-JhCC
041 _aben
082 _a032.02
_bAHM 2023
100 _a আহমেদ, জোবায়ের
245 _aজোবায়ের’স GK /
_bসাধারণ জ্ঞান
_cজোবায়ের আহমেদ
260 _aঢাকা :
_bআর্টস পাবলিকেশন্স;
_c২০২৩.
300 _a887 p. :
_c22 cm.
650 _aGeneral Knowledge
650 _aScience
650 _aGeneral Knowledge
942 _2ddc
_cBK
999 _c14057
_d14057